It looks like you're offline.
Open Library logo
additional options menu

MARC record from Internet Archive

LEADER: 02519cam 2200565Ki 4500
001 ocn858311829
003 OCoLC
005 20210915050809.0
008 130711r20132000enk e 000 f eng d
040 $aUKMGB$beng$cUKMGB$dOCLCO$dAU@$dOCLCO$dYDXCP$dOCLCF$dOCLCO$dOCLCQ$dOCLCO$dAUPTL$dOCL$dUKMGB$dNZAUC$dOCLCO$dOCL$dUNITY$dOCLCO
015 $aGBB382890$2bnb
016 7 $a016495198$2Uk
019 $a869330589
020 $a9781444760378$q(paperback)
020 $a1444760378$q(paperback)
020 $z9781444760385 (ebook)
035 $a(OCoLC)858311829$z(OCoLC)869330589
043 $aa-iq---
082 04 $a823.914$223
100 1 $aSeymour, Gerald,$eauthor.
245 10 $aHolding the zero /$cGerald Seymour.
264 1 $aLondon :$bHodder,$c2013.
264 4 $c©2000, 2013.
300 $a413 pages ;$c20 cm
336 $atext$btxt$2rdacontent
337 $aunmediated$bn$2rdamedia
338 $avolume$bnc$2rdacarrier
500 $aOriginally published: London: Bantam, 2000.
520 $aIn the remote wastes of Northern Iraq, Saddam Hussein wages a savage, forgotten war against Kurdish guerrillas. English marksman Bus Peake is drawn to this deadly part of the world by an old debt of friendship. His task is to help the guerrillas reach their goal - the city of Kiruk, ancient capital of the Kurdish people. There is no room for error in this burtal combat. As Peake learns the art of dealing out death at long distance, Iraq pits Major Karim Aziz, the deadliest sniper in Saddam's army, against him. Their duel soon becomes an obsession, and only one man will walk away alive.
650 0 $aSnipers$zIraq$vFiction.
650 0 $aPersian Gulf War, 1991$zIraq$vFiction.
650 7 $aSnipers.$2fast$0(OCoLC)fst01121882
651 7 $aIraq.$2fast$0(OCoLC)fst01205757
647 7 $aPersian Gulf War$d(1991)$2fast$0(OCoLC)fst01058380
648 7 $a1991$2fast
655 7 $aThrillers (Fiction)$2lcgft
655 7 $aAction and adventure fiction.$2fast$0(OCoLC)fst01921574
655 7 $aFiction.$2fast$0(OCoLC)fst01423787
655 7 $aThrillers (Fiction)$2fast$0(OCoLC)fst01726755
655 7 $aAction and adventure fiction.$2lcgft
938 $aYBP Library Services$bYANK$n10362279
029 1 $aAU@$b000052433416
029 1 $aAU@$b000052453215
029 1 $aAU@$b000056616760
029 1 $aNZ1$b15361242
029 1 $aUKDEL$b132678748
029 1 $aUNITY$b132678748
029 1 $aUKMGB$b016495198
994 $aZ0$bP4A
948 $hNO HOLDINGS IN P4A - 43 OTHER HOLDINGS